Фильмы с Жаном Рено - Армагеддон - Statistics

General Stats
  • This quiz has been taken 13 times
  • The average score is 6 of 15
Answers on the Grid
Answers color-coded by a green-red scale on the quiz's grid according to % correct below.
Доберман
Амели
Путешествие Гектора в поисках счастья
Агент Коди Бэнкс
Багровые реки
Ягуар
Такси 3
Леон
Пришельцы
Отверженные
Пристрели их
Миссия невыполнима
Розовая пантера
Васаби
Необратимость
Телохранитель киллера
Девушка в тумане
Последняя битва
Ночь на Земле
Французский связной
Код да Винчи
Из Парижа с любовью
Роллербол
Фонтан
Корпорация "Святые моторы"
Никита
13-й район: Кирпичные особняки
Нимфоманка
Облава
Замкнутый круг
 
Answer Stats
Answer % Correct
Леон
92%
Багровые реки
83%
Васаби
75%
Ягуар
58%
Пришельцы
58%
Розовая пантера
42%
Код да Винчи
42%
Девушка в тумане
33%
Миссия невыполнима
17%
Роллербол
17%
Никита
17%
Облава
17%
Последняя битва
8%
Замкнутый круг
8%
Путешествие Гектора в поисках счастья
0%
No matching quizzes found
Score Distribution
Percent of People with Each Score
Percentile by Number Answered
Your Score History
You have not taken this quiz